| Поле | Инд. | ПП | Название | Значение |
|---|---|---|---|---|
| Тип записи | a | |||
| Библиографический уровень | m | |||
| 001 | Контрольный номер | RU/LIBMSTU/264600682 | ||
| 005 | Дата корректировки | 20181129093920.2 | ||
| 020 | 00 | a | ISBN | 5-8354-0141-8 |
| c | Цена, тираж | 240-00 | ||
| 084 | a | Индекс другой классификации/Индекс ББК | 67.404.1+67.3(2) | |
| 090 | 00 | a | Полочн. индекс | 67.404 |
| x | Авторский знак | Э 63 | ||
| 100 | 10 | a | Автор | Энгельман И. Э. |
| 245 | 00 | a | Заглавие | О давности по русскому гражданскому праву : историко-догматическое исследование |
| c | Ответственность | МГУ им. М. В. Ломоносова [и др.] | ||
| 260 | 00 | a | Место издания | Москва |
| b | Издательство | Статут | ||
| c | Дата издания | 2003 | ||
| 300 | 00 | a | Объем | 511 с. |
| 440 | 00 | a | Серия | Классика российской цивилистики |
| 650 | _4 | a | Основная рубрика | Гражданское право; Собственность-Правовое регулирование; Право-История |
| 653 | 00 | a | Ключевые слова | Гражданское право |
| a | Ключевые слова | Исковая давность | ||
| a | Ключевые слова | Собственность | ||
| 990 | 00 | f | Даты поступлений (DOS) | 11.04 |